000 00917cam a2200289 i 4500
001 34716
003 Mx-PuUPA
005 20250815111227.0
008 140415s2012 mx gr 000 0 spa d
020 _a9780984036844
040 _aMx-PuUPA
_bspa
_cMx-PuUPA
_dMx-PuUPA
_erda
041 0 _aspa
100 1 _aBeuchot, Mauricio,
_d1950-
_914180
_eautor
245 1 0 _aHermenéutica analógica, religión e iconicidad /
_cMauricio Beuchot
250 _a1a. edición
264 1 _a[México] :
_bDémeter Ediciones,
_c2012
300 _a151 páginas ;
_c21 cm
336 _2rdacontent
_atexto
_btxt
337 _2rdamedia
_asin medio
_bn
338 _2rdacarrier
_avolumen
_bnc
650 7 _2armarc
_aFilosofía y religión
650 7 _2armarc
_aIconografía religiosa
650 7 _2armarc
_aReligión
_xFilosofía
942 _2ddc
_cLI
_h121.68
_iB56
999 _c34716
_d34716